Edexcel A2 Economics Unit 5A Examination (Record no. 501)

MARC details
005 - DATE AND TIME OF LATEST TRANSACTION
control field 20250621112835.0
020 ## - INTERNATIONAL STANDARD BOOK NUMBER
International Standard Book Number 978-0-86003-938-9
082 ## - DEWEY DECIMAL CLASSIFICATION NUMBER
Classification number 331 COL
100 ## - MAIN ENTRY--PERSONAL NAME
Author name COLE, R.
245 ## - TITLE STATEMENT
Title Edexcel A2 Economics Unit 5A Examination
260 ## - PUBLICATION, DISTRIBUTION, ETC.
Place of publication, distribution, etc. Oxfordshire,
Name of publisher, distributor, etc. Philip Allan Updates,
Date of publication, distribution, etc. 2004.
300 ## - PHYSICAL DESCRIPTION
Extent 74p.: ill.; table
Dimensions 24cm.
942 ## - ADDED ENTRY ELEMENTS (KOHA)
Source of classification or shelving scheme Dewey Decimal Classification
Koha item type Books
Holdings
Date last seen Total checkouts Full call number Barcode Cost, replacement price Price effective from Koha item type Lost status Source of classification or shelving scheme Damaged status Not for loan Withdrawn status Home library Current library Shelving location Date acquired Cost, normal purchase price
03/12/2025   331 COL 0000002036 60000.00 03/12/2025 Books   Dewey Decimal Classification       College of Business Education Main Library College of Business Education Main Library General Collection 03/12/2025 20000.00